00378nam a2200109Ia 4500008004100000041000800041100001600049245010700065260005400172300000800226700003400234250110s9999 xx 000 0 und d aeng aGour Tania. aAssessing Perfomance Of Walling Technologies After Incorporation Of Construction And Demolition Waste. bBnca M Arch Environment Architecture., Punec2018 a57p aGuide Name: Kulkarni Prajakta